| 000 | 02659nam0a2200409 4500 | ||
|---|---|---|---|
| 001 | RU\NLR\BIBL_A\012418947 | ||
| 005 | 20201224141453.0 | ||
| 010 |
_a978-5-89665-348-6 _9300 |
||
| 021 |
_aRU _bКН-П-20-047932 _9КН-П-20-3634 |
||
| 035 | _a(NLR Aleph) 012418947 | ||
| 035 | _a(RuMoRGB)010400047 | ||
| 090 |
_a11815471 _c11815471 |
||
| 100 | _a20201209d2020 k y0rusy50 ca | ||
| 101 | 0 | _arus | |
| 102 | _aRU | ||
| 105 | _aa|||z|||000zy | ||
| 181 | 0 |
_ai _baxxe |
|
| 182 | 0 | _an | |
| 200 | 1 |
_aИнвестиционный процесс и структурная трансформация российской экономики _eмонография _f[Алексеев Алексей Вениаминович - доктор экономических наук, Балдакова Елизавета Геннадьевна, Баранов Александр Олегович - доктор экономических наук и др.] _gпод редакцией д.э.н. А. В. Алексеева, к.и.н. Л. К. Казанцевой _gФедеральное государственное бюджетное учреждение науки Институт экономики и организации промышленного производства Сибирского отделения Российской академии наук |
|
| 203 |
_aТекст _bвизуальный _cнепосредственный |
||
| 210 |
_aНовосибирск _cИЭОПП СО РАН _d2020 |
||
| 215 |
_a401 с. _cил., цв. ил., табл. _d20 |
||
| 300 | _aАвт. указаны в вып. дан. | ||
| 320 | _aБиблиогр. в конце гл. и в подстроч. примеч. | ||
| 606 | 1 |
_aЭкономика _xИнформационные системы _92090732 _3RU\NLR\AUTH\661265458 |
|
| 686 | 1 | _aУ.ф0 | |
| 686 | 1 | _aУ.в612 | |
| 701 | 1 |
_7ca _8rus _aАлексеев _bА. В. _cд-р экон. наук _f1961- _gАлексей Вениаминович _9132046 _3RU\NLR\AUTH\770132080 |
|
| 701 | 1 |
_aБалдакова _bЕ. Г. _gЕлизавета Геннадьевна |
|
| 701 | 1 |
_7ca _8rus _aБаранов _bА. О. _cд-р экон. наук _f1955- _gАлександр Олегович _949271 _3RU\NLR\AUTH\7766343 |
|
| 712 | 0 | 2 |
_4475 _aИнститут экономики и организации промышленного производства _cНовосибирск _9359941 _3RU\NLR\AUTH\889932312 |
| 942 | _cBOOK | ||
| 980 | _aNBR | ||
| 980 | _aNB | ||